| 000 | 00454nam a22001817a 4500 | ||
|---|---|---|---|
| 003 | NUST - PNEC | ||
| 005 | 20170116180944.0 | ||
| 008 | 150907b xxu||||| |||| 00| 0 eng d | ||
| 020 | _a9780070634244 | ||
| 020 | _a0070634246 | ||
| 040 | _cLIBRARY | ||
| 082 | _a621.381 MAL | ||
| 100 |
_911749 _aMalvino, Albert |
||
| 245 |
_aElectronic principles _cAlbert Paul Malvino |
||
| 250 | _a7th ed. | ||
| 650 |
_98744 _aElectronics _xEL |
||
| 942 |
_2ddc _cBK |
||
| 999 |
_c66240 _d66240 |
||